000
00337nam a2200145Ia 4500
008
150201s1997 xx 000 0 und d
082
_a
611
_b
H1997M
100
_a
FREDERIE H.MARTINI
245
_a
HUMAN ANATOMY
250
_a
2ND
260
_b
PRENTICE-HALL
_a
NEW JERSEY
_c
1997
300
_a
1-844
650
_a
ANATOMY
942
_2
ddc
_c
BK
999
_c
2580
_d
2580